000 00903cab a22001935a 4500
001 L143265
008 080422e20080418xxk f 000 0 eng d
035 _a(Sirsi) u143265
041 0 _aeng
100 1 _aWright, Emily
245 0 0 _aPFI
_bmarks out of 10
260 _c2008
490 _aBuilding
_v273(8525) 18 April 2008, 32-33(2)
520 _aReports on a new study which concludes pupils in schools built through Private Finance Initiatives (PFIs) perform better than those attending conventionally financed schools. Details the conclusions of the report. Examines the views of two headteachers, one involved in a PFI-financed school and one in a conventionally financed institution. Each heavily favours the method of finance they are currently involved with.
590 _aKA
651 4 _aUnited Kingdom
_y
690 _aPROPERTY-OTHER PROPERTY TYPES-SCHOOL PROPERTY-SCHOOLS
942 _n0
999 _c80125
_d80125